000 00448nam a22001817a 4500
003 MPLRDC
005 20220104125729.0
008 210129b ||||| |||| 00| 0 eng d
020 _a7-5364-0516-2
082 _a991.96 LSZ
100 _a刘树郑、刘廷玉著
245 _a现代魔术入门
_c
250 _a三刷
260 _a
_b四川科学技术出版社
_c1990
300 _b
650 _a公共娱乐
942 _cBK
_o991.96 LSZ
999 _c29685
_d29675